000 00466nam a2200181 a 4500
001 82520
003 BD-RjUL
005 20231223101839.0
008 231223s1955 ii ||||| |||| 00| 0 urd d
035 _a(BD-RjUL)82520
040 _aBD-RjUL
_beng
_cBD-RjUL
041 _aurd
082 _223
_a297.61092
245 1 0 _a تذكرة اهل دلهي ;; tadhkirat ahl dilhi /
300 _a193 p. ;
_c23 cm
650 _aBiograpphy
_vIslam
_910656
942 _2ddc
_cBK
999 _c82520
_d82520